000 00289nam a2200121Ia 4500
008 231221s9999 xx 000 0 und d
041 _aEnglish
082 _a001.6424JAV VEN `R'
100 _aVenners, Bill
245 0 _aInside the Java virtual machine
650 _aJava
942 _cCD
999 _c202182
_d202182